| 000 | 00442cam a2200181ua 4500 | ||
|---|---|---|---|
| 001 | 3569 | ||
| 008 | 120127n ii |||gr||||Z||||||asm | ||
| 040 | _cMAIN | ||
| 082 | _a781 | ||
| 100 |
_aSarma, Hirendra Nath, _eAuthor. |
||
| 245 | 1 | 1 |
_aRag rupanjali (1st part) _cby Hirendra Nath Sarma |
| 250 | _a1st. | ||
| 260 |
_aGuwahati: _bPadmini debi Sarma. |
||
| 300 |
_a175p: _c23cm. |
||
| 653 | _aMusic | ||
| 653 | _aRag rupanjali | ||
| 942 | _cBK | ||
| 999 |
_c3410 _d3410 |
||